Online Catalogue and eLibrary

Women in Sexist Society: (Record no. 1737)

MARC details
000 -LEADER
fixed length control field 00564nam a2200217Ia 4500
005 - DATE AND TIME OF LATEST TRANSACTION
control field 20250219031407.0
008 - FIXED-LENGTH DATA ELEMENTS--GENERAL INFORMATION
fixed length control field 240331s9999 xx 000 0 und d
082 ## - DDC Classification
Item Number - Author Mark GOR
DDC Edition Number 43
Class No. 305.4
245 #0 - TITLE STATEMENT
Title Women in Sexist Society:
Remainder of title Studies in Power and Powerlessness
260 ## - PUBLICATION, DISTRIBUTION, ETC.
Place of publication, distribution, etc. New York
Name of publisher, distributor, etc. New American Library
Date of publication, distribution, etc. 1971
300 ## - PHYSICAL DESCRIPTION
Extent (e.g. Volumes, Pages etc.) xxxii, 704 p.,
650 ## - SUBJECT ADDED ENTRY--TOPICAL TERM
Topical term or geographic name entry element Women
650 ## - SUBJECT ADDED ENTRY--TOPICAL TERM
Topical term or geographic name entry element Society
650 ## - SUBJECT ADDED ENTRY--TOPICAL TERM
Topical term or geographic name entry element Psychology
650 ## - SUBJECT ADDED ENTRY--TOPICAL TERM
Topical term or geographic name entry element Feminism
650 ## - SUBJECT ADDED ENTRY--TOPICAL TERM
Topical term or geographic name entry element Working Women
650 ## - SUBJECT ADDED ENTRY--TOPICAL TERM
Topical term or geographic name entry element Marriage
700 ## - ADDED ENTRY--PERSONAL NAME
Personal name Gornick, V
Relator term (Role) Editor
700 ## - ADDED ENTRY--PERSONAL NAME
Personal name Moran, B. K
Relator term (Role) Editor
942 ## - Koha item type (Biblio)
Koha item type Books in Stacks (Lending)
Holdings
Lost status Damaged status Collection code Home library Current library Shelving location Date acquired Full call number Accession Number Item type
    Lending WERC Library WERC Library Social Science Cupboard 03/31/2024 305.4 WOM 43 Books in Stacks (Lending)

© WERC Library